| 000 | 00604nam a2200205Ia 4500 | ||
|---|---|---|---|
| 005 | 20250508160740.0 | ||
| 008 | 008 250505s9999 xx 000 0 eng d | ||
| 037 | _aTextBook | ||
| 040 |
_aFEDL _beng _cFEDL |
||
| 041 |
_aeng _2eng |
||
| 084 |
_a001.422, SIE/R _qFEDL |
||
| 100 | _aSiegel Sidney | ||
| 245 | 0 | _aNonparametric statistics for the behavioral sciences | |
| 260 |
_aNew York, USA _bMcGraw-Hill Book Company, Inc. _c1956 |
||
| 300 | _axvii,312p | ||
| 365 |
_aINR _b28 |
||
| 650 |
_aStatistics Research _9769279 |
||
| 942 |
_cTB _h001.422, SIE/R |
||
| 999 |
_c1366393 _d1366393 |
||